Soc en Marçal, un petit tritó del Montseny /
Descripción Física:
15 pàgines : il·lustracions en color ; 21 cm
Materias:
Life Tritó Montseny
; Amfibis -- Parc del Montseny (Catalunya) -- Llibres per a infants
; Fauna -- Protecció -- Parc del Montseny (Catalunya) -- Llibres per a infants
Idioma:
Catalán
MARC
| LEADER | 00000nam a22000007a 4500 | ||
|---|---|---|---|
| 001 | 25864 | ||
| 008 | 220610b spa||||| |||| 00| 0 cat d | ||
| 017 | |a DL B 28358-2018 | ||
| 080 | |a FU-70-39 | ||
| 100 | |9 53374 |a Notó, Pepa |e autor | ||
| 245 | |a Soc en Marçal, un petit tritó del Montseny / |c text: Pepa Noto, Marta Sanmartín ; il·lustracions: Irene Jiménez Blasco ; correcció: Núria García | ||
| 260 | |a Barcelona : |b Diputació de Barcelona, |c 2018 | ||
| 300 | |a 15 pàgines : |b il·lustracions en color ; |c 21 cm | ||
| 500 | |a Llibre publicat dins del projecte Life Tritó Montseny. | ||
| 610 | 2 | 0 | |9 53377 |a Life Tritó Montseny |
| 650 | 0 | |9 53376 |a Amfibis |z Parc del Montseny (Catalunya) |v Llibres per a infants | |
| 650 | 0 | |9 53375 |a Fauna |x Protecció |z Parc del Montseny (Catalunya) |v Llibres per a infants | |
| 700 | |9 53378 |a Sanmartín, Marta |e autor | ||
| 700 | |9 53379 |a Jiménez Blasco, Irene |e il·lustrador | ||
| 710 | 1 | |a Barcelona (Catalunya : Província). |b Diputació |9 52408 | |
| 942 | |2 udc |c ARXIU |n 1 | ||
| 952 | |0 0 |1 0 |4 0 |6 FU7039 |7 1 |9 62323 |a Arxiu |b Arxiu |d 2022-06-10 |l 0 |o FU-70-39 |p 25864 |r 2022-06-10 00:00:00 |w 2022-06-10 |y ARXIU | ||
| 999 | |c 81985 |d 81985 | ||